| 000 | 00876nam a2200241 a 4500 | ||
|---|---|---|---|
| 005 | 20160331121008.0 | ||
| 008 | 140227b1998 ck ||||| |||| 00| 0 spa d | ||
| 040 |
_aCO-BoIAVH _cCO-BoIAVH |
||
| 041 | _aspa | ||
| 044 | _ack | ||
| 082 |
_aLB-630.09861 _bC82p |
||
| 110 | 1 |
_bCorporación Colombiana de Investigación Agropecuaria (Corpoica) _919874 |
|
| 245 | 1 |
_aProductos y procesos Tecnológicos por macrorregión CORPOICA _bcontribución de CORPOICA a la investigación y al desarrollo tecnológico agropecuario |
|
| 260 |
_aBogotá _bCORPOICA _c1998 |
||
| 300 | _a378 paginas | ||
| 650 | 1 | 6 |
_aTransferencia de tecnología _964760 |
| 650 | 1 | 6 |
_aInvestigación científica _964761 |
| 650 | 1 | 6 |
_aInvestigación tecnológica _96705 |
| 650 | 1 | 6 |
_aProductos agrícolas _964762 |
| 650 | 1 | 6 |
_aManejo de plagas _91594 |
| 650 | 1 | 6 |
_aEspecies forrajeras _911785 |
| 942 |
_cLIBRO _2ddc |
||
| 999 |
_c1322 _d1322 |
||